000 00913nam a2200241 a 4500
001 84140
003 BD-RjUL
005 20241021114935.0
008 241021s2017 bg a|||| m||| 00| 0 eng d
035 _a(BD-RjUL)84140
040 _aBD-RjUL
_beng
_cBD-RjUL
_dBD-RjUL
041 _aeng
082 _223
_a352.25
_bJAR 2017
100 _aJahan, Rawank
_913874
245 1 0 _aRole of Election Commission in Ensuring Free and Fair Election in Bangladesh /
_cBy Rawank Jahan ;
_6Supervisor : Md. Awal Hossain Mollah
260 _aRajshahi :
_bDepartment of Public Administration, University of Rajshahi,
_c2017
300 _axiii, 180 Leaves :
_bill, ;
_c29 cm.
502 _aThesis (Ph. D.) -- Department of Public Administration, University of Rajshahi, 2017
504 _aBibliography : Leaves [156]-176
650 _aCommission
_92365
700 _aMollah, Md. Awal Hossain, Supervisor
_913875
942 _2ddc
_cTHE
999 _c84140
_d84140